000 00613 a2200193 4500
001 130830
020 _a85-221-0170-1
040 _cLeonardo Da Vinci
041 _aPortuguês
082 _a370.733 B472m
_bB472m
100 _aBIANCHI, Anna Cecilia de Moraes
_aALVARENGA, Marina
_aBIANCHI, Roberto
245 _aManual de orientação
_bestágio supervisionado
250 _a2.ed
260 _bPioneira Thomson Learning
_c2002
_aSão Paulo
300 _a101
362 _a20020000
697 _aEducação
_aFormação profissional
_aEstágio
_aEstágio supervisionado
_aEstagiário
_aBrasil
_aFIPEN
942 _cBK
999 _c130830
_d130830